| 000 | 00780nam a2200253Ia 4500 | ||
|---|---|---|---|
| 003 | OSt | ||
| 005 | 20220918171248.0 | ||
| 006 | a|||||r|||| 00| 0 | ||
| 007 | ta | ||
| 008 | 220917b |||||||| |||| 00| 0 eng d | ||
| 020 |
_a9781446201312 (pbk) _c2220.59 |
||
| 024 | _a289,978 | ||
| 037 |
_b2574, 28/03/2016, Govinda Book House _cTextual |
||
| 040 |
_aARTS _cARTS _beng |
||
| 041 |
_2eng _aeng |
||
| 082 | _aS:86, Q5 | ||
| 100 |
_aCooper Mick _935186 |
||
| 245 | 0 |
_aExistential psychotherapy and counselling _b Contributions to a pluralistic practice |
|
| 260 |
_aLondon _bSage UK _c2015 |
||
| 300 |
_axv, 246p. _ccm. |
||
| 650 | _aPSYCHOLOGY | ||
| 942 |
_hS:86, Q5 _cTEXL _2CC |
||
| 999 |
_c138641 _d138641 |
||